Metodología de adquisición y procesamiento de la respuesta de pavimentos a partir de la instrumentación existente en el Aeropuerto Internacional Juan Santamaría

Gespeichert in:
Bibliographische Detailangaben
1. Verfasser: Wang Qiu, Sheng Qi
Format: Buch
Sprache:Spanish
Veröffentlicht: [San José ], Costa Rica 2018
Schlagworte:
Tags: Tag hinzufügen
Keine Tags, Fügen Sie den ersten Tag hinzu!

MARC

LEADER 00000nam a22000007a 4500
003 012910
005 20221231144349.0
008 180911b2018 cr a|||| |m|| 00| ||spa d
040 |c cru CEDI 
090 |a TFG 8061 
100 |9 13843  |a Wang Qiu, Sheng Qi 
245 |a Metodología de adquisición y procesamiento de la respuesta de pavimentos a partir de la instrumentación existente en el Aeropuerto Internacional Juan Santamaría 
260 |a [San José ], Costa Rica  |c 2018 
300 |a xiv, 122, A20,B11, C20 hojas : ilustraciones a color 
500 |a Proyecto de graduación (licenciatura en ingeniería civil)--Universidad de Costa Rica. Facultad de Ingeniería. Escuela de Ingeniería Civil 
501 |a Director del Proyecto: Ing. José Pablo Aguiar Moya, PhD. 
650 |x PAVIMENTOS - ANALISIS  |x PROCESAMIENTO ELECTRONICO DE DATOS  |x PAVIMENTOS- PROCESAMIENTO DE DATOS - MANUALES  |x INGENIERIA - PROGRAMAS PARA COMPUTADORA  |x PAVIMENTOS - PROGRAMAS PARA COMPUTADORA - DISEÑO  |9 13844 
942 |c TFG 
999 |c 20757  |d 20757